[Event "MCR junioru 2014"]
[Site "Kouty nad Desnou"]
[Date "2014.03.08"]
[Round "2"]
[White "Kozel, Jiri"]
[Black "Mikes, Jan"]
[Result "1/2-1/2"]
[WhiteElo "2047"]
[BlackElo "2062"]
[PlyCount "86"]
[EventDate "2014.03.07"]

1. e4 c5 2. Nf3 d6 3. d4 cxd4 4. Nxd4 Nf6 5. Nc3 a6 6. Be2 e5 7. Nb3 Be7 8. O-O
Qc7 9. Kh1 Be6 10. f4 Nbd7 11. Be3 b5 12. a3 O-O 13. f5 Bc4 14. Bxc4 Qxc4 15.
Qf3 a5 16. Nd2 Qc6 17. Rac1 b4 18. Nd5 Nxd5 19. exd5 Qb5 20. c4 bxc3 21. bxc3
Qa4 22. Ra1 Rfc8 23. c4 Rab8 24. Qg3 Kh8 25. Qh3 e4 26. Bd4 Bf6 27. Bxf6 Nxf6
28. g4 Qc2 29. Rad1 e3 30. Qxe3 Nxg4 31. Qf4 Ne5 32. f6 Rg8 33. Ne4 Qxc4 34.
Nxd6 Qxf4 35. Rxf4 Rb6 36. Ne4 Rd8 37. Rf5 gxf6 38. Nxf6 Nc4 39. Rf3 Nxa3 40.
Rxa3 Rxf6 41. Rxa5 Rfd6 42. Kg2 Kg7 43. Kf3 f5 1/2-1/2

[Event "MCR junioru 2014"]
[Site "Kouty nad Desnou"]
[Date "2014.03.09"]
[Round "3"]
[White "Mikes, Jan"]
[Black "Nguyen, Thai Dai Van"]
[Result "0-1"]
[WhiteElo "2062"]
[BlackElo "2206"]
[PlyCount "76"]
[EventDate "2014.03.07"]

1. d4 Nf6 2. c4 g6 3. Nc3 d5 4. cxd5 Nxd5 5. Bd2 Bg7 6. e4 Nb6 7. Be3 O-O 8.
Nf3 Bg4 9. Be2 Nc6 10. d5 Bxf3 11. gxf3 Ne5 12. Bd4 c6 13. f4 Ned7 14. Bxg7
Kxg7 15. h4 cxd5 16. exd5 Nf6 17. Bf3 Qd6 18. Qd4 Rac8 19. Qe5 Qb4 20. Rb1 Na4
21. O-O Nxc3 22. bxc3 Qxc3 23. Kg2 b6 24. Qxe7 Qd2 25. Qb4 Qxa2 26. Ra1 Qc2 27.
Rxa7 Rc4 28. Qxb6 Rxf4 29. Qe3 Qf5 30. Rd1 Rxh4 31. Kf1 Ng4 32. Qd4+ Kg8 33.
Bxg4 Rxg4 34. Qd3 Qh5 35. Re7 Rh4 36. Ree1 Rh1+ 37. Kg2 Qh2+ 38. Kf3 Qh3+ 0-1

[Event "MCR junioru 2014"]
[Site "Kouty nad Desnou"]
[Date "2014.03.09"]
[Round "3"]
[White "Kriebel, Tadeas"]
[Black "Kozel, Jiri"]
[Result "1-0"]
[WhiteElo "2375"]
[BlackElo "2047"]
[PlyCount "87"]
[EventDate "2014.03.07"]

1. e4 c5 2. Nf3 Nc6 3. Nc3 e6 4. d4 cxd4 5. Nxd4 Nf6 6. Ndb5 Bc5 7. Bf4 O-O 8.
Bc7 Qe7 9. Bd6 Bxd6 10. Qxd6 Ne8 11. Qxe7 Nxe7 12. O-O-O f5 13. f3 fxe4 14.
Nxe4 d5 15. Ned6 Nxd6 16. Nxd6 Rd8 17. Nc4 Nc6 18. Ne3 b6 19. Bb5 Ne7 20. Rhe1
Bd7 21. Bf1 Rac8 22. Kb1 Be8 23. c3 Bh5 24. Ka1 Nc6 25. Bb5 Kf7 26. Bxc6 Rxc6
27. Nc2 Bg6 28. Nd4 Rcd6 29. Nb5 R6d7 30. Rd4 a6 31. Rf4+ Ke7 32. Nd4 Bf7 33.
Nc6+ Ke8 34. Nxd8 Kxd8 35. Rg4 Bg8 36. Kb1 Kc7 37. Kc1 Kd6 38. f4 Rf7 39. Kd2
h6 40. f5 Rxf5 41. Rxg7 Bf7 42. Re3 Bh5 43. g4 Rf2+ 44. Re2 1-0

[Event "MCR junioru 2014"]
[Site "Kouty nad Desnou"]
[Date "2014.03.09"]
[Round "3"]
[White "Rubes, Jan"]
[Black "Szotkowski, Jakub"]
[Result "1-0"]
[WhiteElo "2163"]
[BlackElo "2178"]
[PlyCount "77"]
[EventDate "2014.03.07"]

1. e4 c5 2. Nf3 e6 3. d4 cxd4 4. Nxd4 Nc6 5. Nb5 d6 6. c4 a6 7. N5c3 Nf6 8. Be3
Be7 9. Be2 O-O 10. O-O Ne5 11. Na3 b6 12. f3 Ned7 13. Qd2 Qc7 14. Rfd1 Bb7 15.
Rac1 Rac8 16. Bf1 Qb8 17. Nc2 Kh8 18. Kh1 Ne8 19. Nd4 Bd8 20. b4 Bc7 21. Bg1
Nef6 22. Rc2 Rg8 23. b5 a5 24. Nc6 Bxc6 25. bxc6 Nc5 26. Nb5 Rgd8 27. Rb1 d5
28. exd5 exd5 29. Nxc7 Qxc7 30. cxd5 Rxd5 31. Qc1 Qxc6 32. Bc4 Rh5 33. Bxf7 g6
34. Qb2 Kg7 35. Bc4 Rb8 36. Re1 Rb7 37. Bd4 Na4 38. Qa1 b5 39. Re6 1-0

[Event "MCR junioru 2014"]
[Site "Kouty nad Desnou"]
[Date "2014.03.09"]
[Round "3"]
[White "Marek, Matyas"]
[Black "Balacek, Tadeas"]
[Result "1/2-1/2"]
[WhiteElo "2077"]
[BlackElo "2234"]
[PlyCount "65"]
[EventDate "2014.03.07"]

1. e4 e6 2. d4 d5 3. Nc3 Nf6 4. e5 Nfd7 5. Nce2 c5 6. f4 Nc6 7. c3 Qb6 8. Nf3
f6 9. a3 Be7 10. b4 cxd4 11. cxd4 O-O 12. h4 Qc7 13. Qc2 b5 14. Nc3 Qb6 15. Bd3
Nxd4 16. Nxd4 Qxd4 17. Ke2 Nxe5 18. fxe5 Qg4+ 19. Ke1 fxe5 20. Bg5 Qg3+ 21. Kd1
e4 22. Nxe4 dxe4 23. Bxe4 Rf2 24. Bxh7+ Kh8 25. Qd3 Qe5 26. Rc1 Bb7 27. Re1 Qd5
28. Qxd5 Bxd5 29. Bxe7 Kxh7 30. Re2 Rxg2 31. Rxg2 Bxg2 32. Rc7 Kg6 33. Ke2
1/2-1/2

[Event "MCR junioru 2014"]
[Site "Kouty nad Desnou"]
[Date "2014.03.09"]
[Round "3"]
[White "Kraus, Tomas"]
[Black "Blahynka, Martin"]
[Result "1-0"]
[WhiteElo "2323"]
[BlackElo "2191"]
[PlyCount "71"]
[EventDate "2014.03.07"]

1. e4 c5 2. Nf3 Nc6 3. Bb5 g6 4. Bxc6 dxc6 5. d3 Bg7 6. h3 Nf6 7. Nc3 O-O 8.
Be3 b6 9. Qd2 Re8 10. O-O e5 11. a3 Ba6 12. b3 Qd6 13. a4 Nh5 14. Bh6 Nf4 15.
Bxg7 Kxg7 16. Ne2 Ne6 17. Nh2 c4 18. bxc4 Bxc4 19. Ng4 Kh8 20. Qh6 Ba6 21. Nf6
Nf8 22. Nxe8 Rxe8 23. Qe3 Ne6 24. a5 Nc5 25. f4 exf4 26. Qd4+ Qxd4+ 27. Nxd4
Bb7 28. axb6 axb6 29. Rxf4 Kg7 30. Ra7 Rb8 31. Kf2 b5 32. Ke3 Nd7 33. Nb3 c5
34. Na5 Bc8 35. Nc6 Rb6 36. Rc7 1-0

[Event "MCR junioru 2014"]
[Site "Kouty nad Desnou"]
[Date "2014.03.09"]
[Round "3"]
[White "Machan, Jan"]
[Black "Plat, Vojtech"]
[Result "1/2-1/2"]
[WhiteElo "2148"]
[BlackElo "2464"]
[PlyCount "31"]
[EventDate "2014.03.07"]

1. d4 Nf6 2. c4 e6 3. Nf3 b6 4. g3 Ba6 5. b3 Bb7 6. Bg2 c5 7. O-O cxd4 8. Bb2
Be7 9. Qxd4 O-O 10. Nc3 Nc6 11. Qf4 d5 12. cxd5 exd5 13. Rfd1 Re8 14. Rac1 Rc8
15. e3 a6 16. Qf5 1/2-1/2

[Event "MCR junioru 2014"]
[Site "Kouty nad Desnou"]
[Date "2014.03.10"]
[Round "4"]
[White "Nguyen, Thai Dai Van"]
[Black "Plat, Vojtech"]
[Result "1/2-1/2"]
[WhiteElo "2206"]
[BlackElo "2464"]
[PlyCount "76"]
[EventDate "2014.03.07"]

1. e4 Nf6 2. e5 Nd5 3. d4 d6 4. c4 Nb6 5. exd6 exd6 6. Nc3 Be7 7. Nf3 Bg4 8.
Be2 Nc6 9. b3 Bf6 10. Be3 d5 11. c5 Nc8 12. O-O N8e7 13. h3 Be6 14. Re1 O-O 15.
Qd2 Nf5 16. Bb5 Nxe3 17. Qxe3 Ne7 18. Ne2 c6 19. Bd3 Ng6 20. Nf4 Nxf4 21. Qxf4
Re8 22. Re2 g6 23. Rae1 Kg7 24. h4 h6 25. Qg3 Bd7 26. h5 Rxe2 27. Rxe2 g5 28.
Ne5 Bxe5 29. dxe5 Qe7 30. b4 a5 31. a3 axb4 32. axb4 Ra3 33. Re3 d4 34. Re4 Bf5
35. Rxd4 Rxd3 36. Rxd3 Bxd3 37. Qxd3 Qxe5 38. Qd2 Qa1+ 1/2-1/2

[Event "MCR junioru 2014"]
[Site "Kouty nad Desnou"]
[Date "2014.03.10"]
[Round "4"]
[White "Blahynka, Martin"]
[Black "Machan, Jan"]
[Result "1/2-1/2"]
[WhiteElo "2191"]
[BlackElo "2148"]
[PlyCount "33"]
[EventDate "2014.03.07"]

1. d4 d5 2. c4 c6 3. Nc3 Nf6 4. e3 e6 5. Qc2 Nbd7 6. Nf3 Bd6 7. g4 h6 8. h3 e5
9. cxd5 Nxd5 10. Ne4 Bc7 11. Bd2 exd4 12. Nxd4 N7f6 13. Nxf6+ Qxf6 14. Bg2 Be5
15. Bxd5 cxd5 16. O-O-O Bxd4 17. Qa4+ 1/2-1/2

[Event "MCR junioru 2014"]
[Site "Kouty nad Desnou"]
[Date "2014.03.10"]
[Round "4"]
[White "Balacek, Tadeas"]
[Black "Kraus, Tomas"]
[Result "1/2-1/2"]
[WhiteElo "2234"]
[BlackElo "2323"]
[PlyCount "43"]
[EventDate "2014.03.07"]

1. d4 Nf6 2. c4 e6 3. Nf3 b6 4. Bf4 Bb7 5. e3 Be7 6. h3 c5 7. dxc5 bxc5 8. Nc3
d6 9. Qb3 Qd7 10. Rd1 O-O 11. Be2 Rd8 12. O-O Nc6 13. Rd2 a6 14. Rfd1 Qc7 15.
Qc2 h6 16. Bh2 Rab8 17. Qb1 Ba8 18. b3 Rd7 19. Ne1 Qa5 20. Qc1 Rbd8 21. Bf3 Bb7
22. Nd3 1/2-1/2

[Event "MCR junioru 2014"]
[Site "Kouty nad Desnou"]
[Date "2014.03.10"]
[Round "4"]
[White "Szotkowski, Jakub"]
[Black "Marek, Matyas"]
[Result "1-0"]
[WhiteElo "2178"]
[BlackElo "2077"]
[PlyCount "77"]
[EventDate "2014.03.07"]

1. Nf3 Nf6 2. c4 g6 3. Nc3 Bg7 4. e4 d6 5. d4 O-O 6. Be2 e5 7. dxe5 dxe5 8.
Qxd8 Rxd8 9. Bg5 Nbd7 10. O-O-O Rf8 11. Ne1 c6 12. f3 Nc5 13. Be3 Ne6 14. Nc2
b6 15. b4 Bb7 16. c5 b5 17. g3 Rad8 18. Na1 Nd4 19. Nb3 Nh5 20. Bxd4 exd4 21.
Nb1 f5 22. exf5 gxf5 23. Rhe1 Bc8 24. f4 Nf6 25. Nxd4 Rxd4 26. Rxd4 Nd5 27.
Rxd5 cxd5 28. Bxb5 a5 29. a3 d4 30. Kd2 Rd8 31. Kd3 Kf7 32. Nd2 Be6 33. Bc4
Bxc4+ 34. Nxc4 axb4 35. axb4 Rb8 36. Nd6+ Kf6 37. Ne8+ Kf7 38. Nxg7 Kxg7 39.
Rb1 1-0

[Event "MCR junioru 2014"]
[Site "Kouty nad Desnou"]
[Date "2014.03.10"]
[Round "4"]
[White "Kozel, Jiri"]
[Black "Rubes, Jan"]
[Result "1/2-1/2"]
[WhiteElo "2047"]
[BlackElo "2163"]
[PlyCount "64"]
[EventDate "2014.03.07"]

1. e4 c5 2. Nf3 d6 3. d4 cxd4 4. Nxd4 Nf6 5. Nc3 a6 6. Be3 e5 7. Nb3 Be6 8. f4
Qc7 9. f5 Bc4 10. Qf3 b5 11. a3 Nbd7 12. Bxc4 bxc4 13. Nd2 Rb8 14. Rb1 h5 15.
Bg5 Be7 16. O-O Qc6 17. Kh1 Bd8 18. Bxf6 Nxf6 19. Nd5 h4 20. Nxf6+ Bxf6 21.
Rfd1 h3 22. g3 Bg5 23. b3 cxb3 24. cxb3 Qc2 25. Nc4 O-O 26. Rb2 Qxc4 27. bxc4
Rxb2 28. Qg4 f6 29. Qxh3 Be3 30. Rxd6 Rfb8 31. Qh5 Rc2 32. Rd1 Bd4 1/2-1/2

[Event "MCR junioru 2014"]
[Site "Kouty nad Desnou"]
[Date "2014.03.10"]
[Round "4"]
[White "Mikes, Jan"]
[Black "Kriebel, Tadeas"]
[Result "1/2-1/2"]
[WhiteElo "2062"]
[BlackElo "2375"]
[PlyCount "89"]
[EventDate "2014.03.07"]

1. e4 c5 2. Nf3 e6 3. d4 cxd4 4. Nxd4 Nc6 5. Nc3 Qc7 6. Be2 a6 7. O-O Nf6 8.
Be3 Bb4 9. a3 Bxc3 10. bxc3 Nxe4 11. Bd3 Nf6 12. Qf3 Ne7 13. c4 Ng6 14. Rfe1
O-O 15. Bg5 Ne8 16. h4 f6 17. Bd2 Ne5 18. Qe2 Nxd3 19. cxd3 b6 20. Rec1 Bb7 21.
a4 Qe5 22. Be3 f5 23. Nf3 Bxf3 24. Qxf3 Nf6 25. Bxb6 Ng4 26. g3 Rac8 27. Rab1
Qd6 28. c5 Qc6 29. Qxc6 Rxc6 30. f4 Rfc8 31. d4 Nf6 32. a5 Ra8 33. Kg2 Kf7 34.
Kf3 Nd5 35. Rb2 Nf6 36. Rd1 g6 37. Rh1 Ke8 38. Re1 Kf7 39. Rh1 h6 40. Re1 Kg7
41. Rd2 Kf7 42. Rb2 Rcc8 43. Rc1 Rc6 44. Re1 Rcc8 45. Rc1 1/2-1/2

[Event "MCR junioru 2014"]
[Site "Kouty nad Desnou"]
[Date "2014.03.10"]
[Round "5"]
[White "Kriebel, Tadeas"]
[Black "Nguyen, Thai Dai Van"]
[Result "1-0"]
[WhiteElo "2375"]
[BlackElo "2206"]
[PlyCount "77"]
[EventDate "2014.03.07"]

1. e4 c5 2. Nf3 d6 3. d4 cxd4 4. Nxd4 Nf6 5. Nc3 a6 6. Bc4 e6 7. Bb3 Be7 8. O-O
O-O 9. f4 Nbd7 10. Qf3 Nc5 11. Be3 Qc7 12. g4 e5 13. Nf5 Nxb3 14. axb3 exf4 15.
Bxf4 Be6 16. Nxe7+ Qxe7 17. Bg5 h6 18. Bxf6 Qxf6 19. Qxf6 gxf6 20. Rxf6 Kg7 21.
Rf3 Rac8 22. Rd3 Rfd8 23. Rad1 b5 24. b4 Rc6 25. Kf2 Kf8 26. h3 Ke7 27. e5 d5
28. Rd4 Rdc8 29. Ke3 Rg8 30. Kf4 Rh8 31. Nxd5+ Bxd5 32. Rxd5 Rxc2 33. Rd7+ Kf8
34. e6 Rh7 35. e7+ Ke8 36. Ra7 Rc8 37. Kf5 Rg7 38. h4 Rg6 39. Rad7 1-0

[Event "MCR junioru 2014"]
[Site "Kouty nad Desnou"]
[Date "2014.03.10"]
[Round "5"]
[White "Rubes, Jan"]
[Black "Mikes, Jan"]
[Result "1-0"]
[WhiteElo "2163"]
[BlackElo "2062"]
[PlyCount "87"]
[EventDate "2014.03.07"]

1. g3 d5 2. Bg2 Nf6 3. Nf3 e6 4. O-O Be7 5. d3 c5 6. Nbd2 Nbd7 7. e4 dxe4 8.
dxe4 Qc7 9. Re1 O-O 10. Nc4 Rd8 11. Bf4 Qc6 12. e5 Nd5 13. Bg5 f6 14. exf6
N7xf6 15. Nce5 Qe8 16. Qe2 a5 17. c4 Nc7 18. Bd2 Bd6 19. Bc3 Qe7 20. Rad1 Ra6
21. Ng5 Rf8 22. Ne4 Nce8 23. Nxd6 Nxd6 24. Rd3 b5 25. cxb5 Nxb5 26. Nc6 Qf7 27.
Be5 Na7 28. Nxa7 Rxa7 29. Bd6 c4 30. Rdd1 Re8 31. Qxc4 Ba6 32. Qa4 Bb7 33. Bxb7
Rxb7 34. b3 Rc8 35. Qxa5 Rc2 36. Rc1 Rxc1 37. Rxc1 h6 38. Rc8+ Kh7 39. Qd2 Rb5
40. Qc2+ Rf5 41. Rc5 Qg6 42. Rxf5 exf5 43. Be5 Nd5 44. Qc5 1-0

[Event "MCR junioru 2014"]
[Site "Kouty nad Desnou"]
[Date "2014.03.10"]
[Round "5"]
[White "Marek, Matyas"]
[Black "Kozel, Jiri"]
[Result "1-0"]
[WhiteElo "2077"]
[BlackElo "2047"]
[PlyCount "143"]
[EventDate "2014.03.07"]

1. e4 c5 2. Nf3 d6 3. d4 cxd4 4. Nxd4 Nf6 5. Nc3 e5 6. Bb5+ Bd7 7. Bxd7+ Qxd7
8. Nf5 Nxe4 9. Nxe4 Qxf5 10. Nxd6+ Bxd6 11. Qxd6 Nc6 12. O-O Rd8 13. Qc5 Qe6
14. Be3 Rd5 15. Qa3 f6 16. Qb3 Qd7 17. h3 b6 18. c4 Rd3 19. Qa4 Na5 20. Qb4 Nc6
21. Qb5 Na5 22. Rfc1 Qxb5 23. cxb5 Kd7 24. b4 Nb7 25. a4 Rc8 26. Rxc8 Kxc8 27.
a5 Rd6 28. Kf1 Kc7 29. Ke2 Nd8 30. axb6+ axb6 31. Ra7+ Nb7 32. Ra6 Nd8 33. f4
Kb7 34. fxe5 fxe5 35. Kf3 Ne6 36. Ke4 Nc7 37. Ra1 Rd5 38. Rf1 Rxb5 39. Rf7
Rxb4+ 40. Kxe5 Rb5+ 41. Ke4 g5 42. Rxh7 Kc6 43. Rh6+ Kd7 44. Rxb6 Ra5 45. Rg6
Ne6 46. Rf6 Ra4+ 47. Kf5 Ra5+ 48. Kg6 Ra3 49. Rf3 Ra2 50. Rf7+ Kd6 51. Rf2 Ra5
52. Rf3 Ra2 53. Rg3 Nf4+ 54. Bxf4+ gxf4 55. Rg4 Ke5 56. h4 Ra6+ 57. Kg5 Ra8 58.
h5 Rg8+ 59. Kh4 Rh8 60. Rg5+ Ke4 61. Kg4 Rh7 62. Rg6 Ke3 63. h6 Rh8 64. Kg5 f3
65. gxf3 Kxf3 66. Rf6+ Kg3 67. Kg6 Kg4 68. Kg7 Ra8 69. h7 Kg5 70. Rf8 Ra3 71.
h8=Q Rh3 72. Rf5+ 1-0

[Event "MCR junioru 2014"]
[Site "Kouty nad Desnou"]
[Date "2014.03.10"]
[Round "5"]
[White "Kraus, Tomas"]
[Black "Szotkowski, Jakub"]
[Result "1-0"]
[WhiteElo "2323"]
[BlackElo "2178"]
[PlyCount "59"]
[EventDate "2014.03.07"]

1. b3 Nf6 2. Bb2 b6 3. Nf3 Bb7 4. e3 e6 5. d4 Be7 6. Bd3 c5 7. O-O O-O 8. c4
cxd4 9. exd4 d5 10. Nc3 Nbd7 11. Qe2 Rc8 12. a4 a5 13. Rad1 Qc7 14. Ne5 Rfd8
15. f4 Nf8 16. f5 Bb4 17. fxe6 fxe6 18. Nb5 Qe7 19. Bc1 dxc4 20. bxc4 Ba6 21.
Kh1 Qe8 22. Bg5 Be7 23. Qf3 Kh8 24. Bb1 Kg8 25. Qh3 Bxb5 26. axb5 Rc7 27. Qf3
Rdc8 28. Nc6 Bd8 29. d5 exd5 30. cxd5 1-0

[Event "MCR junioru 2014"]
[Site "Kouty nad Desnou"]
[Date "2014.03.10"]
[Round "5"]
[White "Machan, Jan"]
[Black "Balacek, Tadeas"]
[Result "1/2-1/2"]
[WhiteElo "2148"]
[BlackElo "2234"]
[PlyCount "24"]
[EventDate "2014.03.07"]

1. Nf3 d5 2. d4 Nc6 3. Bf4 Bg4 4. e3 e6 5. Nbd2 Bd6 6. Bxd6 cxd6 7. c3 Nf6 8.
Be2 O-O 9. O-O Qe7 10. c4 dxc4 11. Nxc4 d5 12. Nce5 Nxe5 1/2-1/2

[Event "MCR junioru 2014"]
[Site "Kouty nad Desnou"]
[Date "2014.03.10"]
[Round "5"]
[White "Plat, Vojtech"]
[Black "Blahynka, Martin"]
[Result "0-1"]
[WhiteElo "2464"]
[BlackElo "2191"]
[PlyCount "142"]
[EventDate "2014.03.07"]

1. e4 e5 2. Nf3 Nc6 3. Bb5 a6 4. Ba4 Nge7 5. c3 g6 6. O-O Bg7 7. d3 O-O 8. Bb3
d5 9. Re1 dxe4 10. dxe4 Qxd1 11. Rxd1 Na5 12. Bc2 h6 13. Be3 b6 14. b3 Bg4 15.
h3 Bxf3 16. gxf3 Rfd8 17. Na3 Nb7 18. b4 b5 19. c4 bxc4 20. Nxc4 Nc6 21. Ba4
Rxd1+ 22. Rxd1 Rd8 23. Rxd8+ Nbxd8 24. a3 Nd4 25. Bxd4 exd4 26. Bd7 d3 27. Kf1
Bc3 28. Bc8 Ne6 29. Bxa6 Nf4 30. Ne3 Bb2 31. Nc4 Bc3 32. Bc8 h5 33. b5 Kf8 34.
a4 Ke7 35. h4 Kd8 36. Bb7 f6 37. Bd5 d2 38. Ne3 g5 39. hxg5 fxg5 40. Bb3 h4 41.
Nc4 h3 42. Kg1 Nd3 43. Ne3 Be5 44. Nd1 Ne1 45. a5 h2+ 46. Kh1 Kc8 47. Ne3 Nd3
48. Nd1 Bf4 49. Bc4 Ne1 50. Be2 Nc2 51. Nc3 Be5 52. Nb1 Nd4 53. Bd1 Bf4 54. Nc3
Kb7 55. Kg2 c6 56. bxc6+ Nxc6 57. Nd5 Nxa5 58. Nxf4 gxf4 59. Kxh2 Kc7 60. Kg1
Nc6 61. Kf1 Nd4 62. Ba4 Kd6 63. Bd1 Ke5 64. Ba4 Nb5 65. Bxb5 d1=Q+ 66. Kg2 Qe1
67. Ba6 Kd4 68. Bb5 Kc3 69. Bc6 Kd2 70. Bd5 Qa1 71. Be6 Ke1 0-1

[Event "MCR junioru 2014"]
[Site "Kouty nad Desnou"]
[Date "2014.03.11"]
[Round "6"]
[White "Nguyen, Thai Dai Van"]
[Black "Blahynka, Martin"]
[Result "1-0"]
[WhiteElo "2206"]
[BlackElo "2191"]
[PlyCount "135"]
[EventDate "2014.03.07"]

1. e4 b6 2. d4 Bb7 3. Nd2 e6 4. Ngf3 c5 5. c3 Nf6 6. Bd3 cxd4 7. cxd4 Ba6 8.
Bxa6 Nxa6 9. O-O Be7 10. e5 Nd5 11. Ne4 h6 12. Nfd2 O-O 13. Qg4 Kh8 14. Nf3 f5
15. exf6 Bxf6 16. Ne5 Bxe5 17. dxe5 Rc8 18. Qh3 Kg8 19. Nd6 Rc6 20. Bd2 Qe7 21.
Rac1 Rxd6 22. exd6 Qxd6 23. Bxh6 gxh6 24. Qd3 Nc5 25. Qg6+ Kh8 26. Qxh6+ Kg8
27. b4 Nb7 28. Qg6+ Kh8 29. Rc4 Nf4 30. Qh6+ Kg8 31. Qg5+ Kh7 32. Qh4+ Kg7 33.
Qg4+ Ng6 34. Rd1 Qe5 35. h4 Kh6 36. Rxd7 Qe1+ 37. Kh2 Qe5+ 38. Kg1 Qe1+ 39. Kh2
Qe5+ 40. f4 Nxf4 41. Qg5+ Qxg5 42. hxg5+ Kxg5 43. Rg7+ Kf5 44. Rxb7 e5 45. Rxa7
Rh8+ 46. Kg1 Rg8 47. Rf7+ Ke6 48. Rfxf4 exf4 49. Rxf4 Ra8 50. Rf2 Ra4 51. Rb2
Kf5 52. Kh2 Kg4 53. b5 Kh4 54. Rc2 Rb4 55. a4 Rxa4 56. Rc6 Rb4 57. Rxb6 Rb2 58.
Rb8 Kg5 59. b6 Kg6 60. Kg3 Rb4 61. Kf3 Kg7 62. Ke3 Rg4 63. Kd3 Rxg2 64. Kc4
Rc2+ 65. Kb5 Rf2 66. Rc8 Kf7 67. b7 Rb2+ 68. Kc6 1-0

[Event "MCR junioru 2014"]
[Site "Kouty nad Desnou"]
[Date "2014.03.11"]
[Round "6"]
[White "Balacek, Tadeas"]
[Black "Plat, Vojtech"]
[Result "0-1"]
[WhiteElo "2234"]
[BlackElo "2464"]
[PlyCount "86"]
[EventDate "2014.03.07"]

1. d4 d6 2. Nf3 f5 3. g3 Nf6 4. Bg2 g6 5. O-O Bg7 6. c4 O-O 7. Nc3 c6 8. Qc2
Qe8 9. b3 e5 10. dxe5 dxe5 11. e4 f4 12. Ba3 Rf7 13. Rad1 Bg4 14. h3 Bxf3 15.
Bxf3 Nbd7 16. c5 Nf8 17. Be2 Ne6 18. Bc4 Bf8 19. b4 Ng5 20. Bxf7+ Kxf7 21. Qb3+
Kg7 22. h4 Nf3+ 23. Kg2 Nd4 24. Rxd4 exd4 25. Ne2 Qxe4+ 26. Qf3 Qxf3+ 27. Kxf3
a5 28. Nxf4 axb4 29. Bxb4 Rxa2 30. Rd1 Kf7 31. Rxd4 Rc2 32. g4 Bxc5 33. Bxc5
Rxc5 34. g5 Nd5 35. h5 gxh5 36. Nxh5 Kg6 37. Ng3 Nc3 38. Rd7 b5 39. Ke3 b4 40.
f4 b3 41. Kf3 b2 42. Nh5 b1=Q 43. Rd6+ Kf7 0-1

[Event "MCR junioru 2014"]
[Site "Kouty nad Desnou"]
[Date "2014.03.11"]
[Round "6"]
[White "Szotkowski, Jakub"]
[Black "Machan, Jan"]
[Result "0-1"]
[WhiteElo "2178"]
[BlackElo "2148"]
[PlyCount "88"]
[EventDate "2014.03.07"]

1. Nf3 d5 2. c4 e6 3. d4 Nf6 4. Nc3 Bb4 5. Bg5 h6 6. Bxf6 Qxf6 7. e3 O-O 8. Qb3
c5 9. cxd5 exd5 10. Be2 Nc6 11. Rd1 c4 12. Qc2 Bf5 13. Qc1 Rfd8 14. O-O a6 15.
Ne1 b5 16. f3 Qe7 17. g4 Bh7 18. Ng2 Rd7 19. f4 Bxc3 20. bxc3 Be4 21. f5 Bxg2
22. Kxg2 Re8 23. Bf3 Qg5 24. Rde1 h5 25. h4 Qf6 26. g5 Qxf5 27. e4 dxe4 28.
Bxh5 Qd5 29. a3 a5 30. Bg4 Rb7 31. Rf5 Qd6 32. Qb1 b4 33. Rc5 Qf4 34. Kh3 Nd8
35. axb4 axb4 36. cxb4 Ra7 37. Qb2 e3 38. Rf5 Qe4 39. Kg3 Qd3 40. Rf3 Nc6 41.
Rf4 c3 42. Qe2 Nxb4 43. d5 Ra2 44. g6 f5 0-1

[Event "MCR junioru 2014"]
[Site "Kouty nad Desnou"]
[Date "2014.03.11"]
[Round "6"]
[White "Kozel, Jiri"]
[Black "Kraus, Tomas"]
[Result "0-1"]
[WhiteElo "2047"]
[BlackElo "2323"]
[PlyCount "42"]
[EventDate "2014.03.07"]

1. e4 d6 2. d4 Nf6 3. Nc3 e5 4. Nf3 Nbd7 5. Bc4 Be7 6. Ng5 O-O 7. Bxf7+ Rxf7 8.
Ne6 Qe8 9. Nxc7 Qd8 10. Nxa8 b5 11. dxe5 Nxe5 12. Bf4 Bd7 13. Bxe5 dxe5 14. Nd5
Bc5 15. Nxf6+ Qxf6 16. f3 Bc6 17. Qe2 Qh4+ 18. g3 Qd8 19. Kf1 Rd7 20. Qe1 Rd2
21. Qc1 Qd4 0-1

[Event "MCR junioru 2014"]
[Site "Kouty nad Desnou"]
[Date "2014.03.11"]
[Round "6"]
[White "Mikes, Jan"]
[Black "Marek, Matyas"]
[Result "1/2-1/2"]
[WhiteElo "2062"]
[BlackElo "2077"]
[PlyCount "166"]
[EventDate "2014.03.07"]

1. g3 Nf6 2. Bg2 g6 3. c3 Bg7 4. Nf3 O-O 5. d3 d5 6. O-O Nbd7 7. Nbd2 e5 8. Qc2
b6 9. Rd1 Bb7 10. e4 Re8 11. exd5 Bxd5 12. Ne4 h6 13. h3 c5 14. Nh2 Qe7 15. Nf1
Rad8 16. Ne3 Be6 17. b3 Nd5 18. Nd2 Nxc3 19. Re1 Nb5 20. Bb2 Nd4 21. Bxd4 cxd4
22. Nec4 Rc8 23. a4 f5 24. Qd1 Qb4 25. Rb1 Bf7 26. g4 Qe7 27. Qf3 Qf6 28. Re2
Re7 29. Qb7 Rce8 30. Qxa7 Nc5 31. Qxb6 Nxd3 32. Qxf6 Bxf6 33. gxf5 Nf4 34. Ree1
Nxg2 35. Kxg2 Bd5+ 36. Kh2 e4 37. fxg6 e3 38. fxe3 dxe3 39. Nf1 Bxc4 40. bxc4
e2 41. Ng3 Bc3 42. Rxe2 Rxe2+ 43. Nxe2 Rxe2+ 44. Kg3 Ra2 45. Rb3 Be5+ 46. Kg4
Rxa4 47. Kf5 Bc7 48. Rc3 Kg7 49. h4 Ra5+ 50. c5 Bb6 51. h5 Bxc5 52. Ke6 Bb6 53.
Rb3 Rxh5 54. Rxb6 Kxg6 55. Rb8 Ra5 56. Rg8+ Kh5 57. Rg1 Kh4 58. Kf6 h5 59. Rh1+
Kg3 60. Rg1+ Kh3 61. Rh1+ Kg2 62. Rb1 h4 63. Rb2+ Kg3 64. Rb3+ Kg4 65. Rb4+ Kh5
66. Rb3 Rg5 67. Rb8 Rg3 68. Kf5 Rf3+ 69. Ke4 Rf7 70. Ke3 h3 71. Rh8+ Kg4 72.
Ke2 Kg3 73. Rg8+ Kh2 74. Rg6 Ra7 75. Kf1 Ra1+ 76. Kf2 Ra2+ 77. Kf1 Rg2 78. Rh6
Rg4 79. Kf2 Rf4+ 80. Ke3 Ra4 81. Kf2 Ra2+ 82. Kf3 Rg2 83. Rh8 Ra2 1/2-1/2

[Event "MCR junioru 2014"]
[Site "Kouty nad Desnou"]
[Date "2014.03.11"]
[Round "6"]
[White "Kriebel, Tadeas"]
[Black "Rubes, Jan"]
[Result "1-0"]
[WhiteElo "2375"]
[BlackElo "2163"]
[PlyCount "115"]
[EventDate "2014.03.07"]

1. e4 e5 2. Nf3 Nc6 3. Bb5 Nf6 4. O-O Nxe4 5. d4 Nd6 6. Bxc6 dxc6 7. dxe5 Nf5
8. Qxd8+ Kxd8 9. Rd1+ Ke8 10. h3 h6 11. b3 Bd7 12. Bb2 Ne7 13. Nc3 Ng6 14. Ne2
Rg8 15. c4 Be7 16. Nh2 Nf8 17. Ng4 Rd8 18. Kh2 Bc5 19. Bd4 Bxd4 20. Nxd4 c5 21.
Ne2 Bxg4 22. hxg4 Ne6 23. Rxd8+ Kxd8 24. Rd1+ Kc8 25. Rd5 Rd8 26. Kg3 Nd4 27.
Rxd8+ Kxd8 28. Nc3 Kd7 29. Kf4 b6 30. Ke4 c6 31. f4 Nc2 32. g3 Ke7 33. Kd3 Nb4+
34. Kd2 f6 35. exf6+ Kxf6 36. a3 Na6 37. Ke3 Nc7 38. Ne4+ Ke6 39. Nf2 Kf6 40.
g5+ hxg5 41. Ne4+ Kf5 42. Nxg5 Ne8 43. Kf3 Nd6 44. g4+ Kg6 45. Ne4 Nb7 46. f5+
Kf7 47. Kf4 Na5 48. Nd2 g6 49. Ke5 gxf5 50. gxf5 Nb7 51. f6 Nd8 52. Ne4 Kg6 53.
Nd6 a6 54. Nc8 b5 55. Nd6 b4 56. a4 Kh7 57. Ne4 a5 58. Nxc5 1-0

[Event "MCR junioru 2014"]
[Site "Kouty nad Desnou"]
[Date "2014.03.12"]
[Round "7"]
[White "Rubes, Jan"]
[Black "Nguyen, Thai Dai Van"]
[Result "1/2-1/2"]
[WhiteElo "2163"]
[BlackElo "2206"]
[PlyCount "97"]
[EventDate "2014.03.07"]

1. d4 Nf6 2. Nf3 g6 3. g3 Bg7 4. Bg2 O-O 5. O-O d5 6. c4 c6 7. Nc3 dxc4 8. a4
a5 9. e4 Na6 10. Qe2 Nb4 11. Qxc4 b6 12. Rd1 Be6 13. Qe2 Bb3 14. Rf1 Nc2 15.
Rb1 Nxd4 16. Nxd4 Qxd4 17. Be3 Qd8 18. Rfc1 Nd7 19. f4 Rc8 20. e5 Re8 21. Ne4
Bd5 22. Ng5 Bxg2 23. Kxg2 h6 24. Nxf7 Kxf7 25. e6+ Kg8 26. Rd1 Rc7 27. Qg4 Rf8
28. exd7 c5 29. Qxg6 Rf6 30. Qg4 e6 31. Bd2 Rxd7 32. Bc3 Rff7 33. Bxg7 Rxg7 34.
Qxe6+ Kh7 35. Rxd7 Rxd7 36. Re1 Rd2+ 37. Kh3 Qd7 38. Qxd7+ Rxd7 39. Re6 Rd4 40.
Rxb6 Rxa4 41. Rc6 c4 42. Kg4 Rb4 43. h4 a4 44. h5 Rxb2 45. Rxc4 a3 46. Rc7+ Kg8
47. Ra7 a2 48. f5 Rf2 49. f6 1/2-1/2